Communicating for results : (Record no. 5254)
[ view plain ]
| 000 -LEADER | |
|---|---|
| fixed length control field | 00765cam a2200229 a 4500 |
| 001 - CONTROL NUMBER | |
| control field | 1161303 |
| 005 - DATE AND TIME OF LATEST TRANSACTION | |
| control field | 20250425201316.0 |
| 008 - FIXED-LENGTH DATA ELEMENTS--GENERAL INFORMATION | |
| fixed length control field | 960611s1997 cauab b 001 0 eng |
| 020 ## - INTERNATIONAL STANDARD BOOK NUMBER | |
| International Standard Book Number | 0534229689 (acidfree paper) |
| 020 ## - INTERNATIONAL STANDARD BOOK NUMBER | |
| International Standard Book Number | 9780534229689 |
| 050 00 - LIBRARY OF CONGRESS CALL NUMBER | |
| Classification number | HD30.3 |
| Item number | .H35 1997 |
| 082 00 - DEWEY DECIMAL CLASSIFICATION NUMBER | |
| Classification number | 658.4/5 |
| Edition information | 20 |
| 100 1# - MAIN ENTRY--PERSONAL NAME | |
| Personal name | Hamilton, Cheryl. |
| 245 10 - TITLE STATEMENT | |
| Title | Communicating for results : |
| Remainder of title | a guide for business and the professions / |
| Statement of responsibility, etc. | Cheryl Hamilton with Cordell Parker. |
| 250 ## - EDITION STATEMENT | |
| Edition statement | 5th ed. |
| 260 ## - PUBLICATION, DISTRIBUTION, ETC. | |
| Place of publication, distribution, etc. | Belmont, CA : |
| Name of publisher, distributor, etc. | Wadsworth Pub. Co., |
| Date of publication, distribution, etc. | c1997. |
| 300 ## - PHYSICAL DESCRIPTION | |
| Extent | xvi, 496 p. : |
| Other physical details | ill. (some col.), col. map ; |
| Dimensions | 24 cm. |
| 440 #0 - SERIES STATEMENT/ADDED ENTRY--TITLE | |
| Title | Wadsworth series in communication studies |
| 650 #0 - SUBJECT ADDED ENTRY--TOPICAL TERM | |
| Topical term or geographic name entry element | Communication in management. |
| 700 1# - ADDED ENTRY--PERSONAL NAME | |
| Personal name | Parker, Cordell. |
| 942 ## - ADDED ENTRY ELEMENTS (KOHA) | |
| Source of classification or shelving scheme | Library of Congress Classification |
| Koha item type | Books |
| Suppress in OPAC | No |
| 999 ## - | |
| -- | 5254 |
| -- | 5254 |
| Withdrawn status | Lost status | Source of classification or shelving scheme | Damaged status | Not for loan | Collection | Home library | Current library | Shelving location | Date acquired | Total checkouts | Full call number | Barcode | Date last seen | Copy number | Price effective from | Koha item type |
|---|---|---|---|---|---|---|---|---|---|---|---|---|---|---|---|---|
| Library of Congress Classification | Non-fiction | Business Library (Miotso) | Business Library (Miotso) | General stacks | 04/25/2025 | HD30.3 .H35 1997 | BSSM00002029 | 04/25/2025 | 6 | 04/25/2025 | Books | |||||
| Library of Congress Classification | Non-fiction | Business Library (Miotso) | Business Library (Miotso) | General stacks | 04/25/2025 | HD30.3 .H35 1997 | BSSM00002030 | 04/25/2025 | 7 | 04/25/2025 | Books | |||||
| Library of Congress Classification | Non-fiction | Graduate Library (Christ Temple) | Graduate Library (Christ Temple) | General stacks | 05/05/2025 | HD 30.3 HAM | GSCT00001070 | 05/05/2025 | 1 | 05/05/2025 | Books | |||||
| Library of Congress Classification | Non-fiction | Graduate Library (Christ Temple) | Graduate Library (Christ Temple) | General stacks | 05/05/2025 | HD 30.3 HAM | GSCT00001071 | 05/05/2025 | 2 | 05/05/2025 | Books | |||||
| Library of Congress Classification | Non-fiction | Graduate Library (Christ Temple) | Graduate Library (Christ Temple) | General stacks | 05/05/2025 | HD 30.3 HAM | GSCT00001072 | 05/05/2025 | 3 | 05/05/2025 | Books | |||||
| Library of Congress Classification | Non-fiction | Undergraduate Library (Christ Temple) | Undergraduate Library (Christ Temple) | General stacks | 03/27/2025 | HD30.3 HAM | ulct00002017 | 03/27/2025 | 1 | 03/27/2025 | Books | |||||
| Library of Congress Classification | Non-fiction | Undergraduate Library (Christ Temple) | Undergraduate Library (Christ Temple) | General stacks | 03/27/2025 | HD30.3 HAM | ulct00002018 | 03/27/2025 | 2 | 03/27/2025 | Books | |||||
| Library of Congress Classification | Non-fiction | Undergraduate Library (Christ Temple) | Undergraduate Library (Christ Temple) | General stacks | 03/27/2025 | HD30.3 HAM | ulct00002019 | 03/27/2025 | 3 | 03/27/2025 | Books | |||||
| Library of Congress Classification | Non-fiction | Undergraduate Library (Christ Temple) | Undergraduate Library (Christ Temple) | General stacks | 03/27/2025 | HD30.3 HAM | ulct00002020 | 03/27/2025 | 4 | 03/27/2025 | Books | |||||
| Library of Congress Classification | Non-fiction | Undergraduate Library (Christ Temple) | Undergraduate Library (Christ Temple) | General stacks | 03/27/2025 | HD30.3 HAM | ulct00002021 | 03/27/2025 | 5 | 03/27/2025 | Books |